| 000 | 00728cam a2200217Ia 4500 | ||
|---|---|---|---|
| 020 | _a0195107322 | ||
| 020 | _a161344141X (ebk.) | ||
| 020 | _a9780195107326 | ||
| 020 | _a9781613441411 (ebk.) | ||
| 082 | 0 | 4 |
_a627 _bPRA _cM-40, P-79 |
| 100 | 1 |
_aPrasuhn, Alan L., _943923 |
|
| 245 | 1 | 0 |
_aFundamentals of hydraulic engineering _cAlan L. Prasuhn. |
| 260 |
_aNew York ; _aHong Kong : _bOxford University Press, _cc1992. |
||
| 300 |
_a1 online resource (xi, 509 p.) : _bill. |
||
| 526 |
_a0 _b0 _c0 _d627_000000000000000_PRA |
||
| 526 |
_a0 _b0 _c0 _d627_000000000000000_PRA |
||
| 650 | 0 |
_aHydraulic engineering. _93526 |
|
| 650 | 0 |
_aMCE _9379 |
|
| 856 | 4 | 0 | _uhttp://www.columbia.edu/cgi-bin/cul/resolve?clio9188214 |
| 942 |
_2ddc _cBK |
||
| 999 |
_c547800 _d547800 |
||